1951 1436 1576 1697 1051 1563 1866 1721 1241 1071 1849 1279 1223 1150 1425 1697 1474 1899 1393 1133 1495 1914 1019 1439 1866 1766 1793 1877 1119 1080 1111 1920 1910 1635 1413 1748 1464 1268 1296 1745 1219 1877 1555 1026 1780 1218 1884 1477 1956 1096 1881 1277 1506 1829 1253 1964 1084 1484 1593 1314 1618 1264 1671 1295 1854 1995 1236 1079 1818 1544 1483 1544 1348 1207 1538 1313 1054 1658 1320 1351 1345 1909 1618 1323 1897 1506 1375 1947 1077 1664 1676 1772 1555 1455 1383 1049 1152 1308 1947 BCNSPRNW ULIB Ver.6.0+V

เปลี่ยนเป็นภาษาไทย

Change to English
 แสดงรายละเอียดบรรณานุกรม
  กลับหน้าหลัก

Brief Record : Get Marc (ISO 2709) : E-mail record : QR code < ปิดหน้าต่าง
LEADER : 00000nam 2200000uu 4500
001    13399124344
003     ULIB
008    150511s2553||||th 000 0 tha d
020    ^a9786162141751
099    ^aนว ว257อ
100    ^aวรรณวรรธน์
245    ^aอขิทโร ลูกปัดสิเน่หา เล่ม 2
250    ^aพิมพ์ครั้งที่ 1
260    ^aกรุงเทพฯ :^bณ บ้านวรรณกรรม กรุ๊ป,^c2553
300    ^a282 หน้า
650    ^aวรรณวรรธน์^xนิยาย
945    ^p240^l0^i039388
999    ^aเกษร โพธิ์สุวรรณ
รายการนี้ยังไม่มีแท็ก
คุณยังไม่ได้ล็อกอิน คุณสามารถมีกิจกรรมร่วมกับเว็บไซต์ได้ แต่ต้องล็อกอินก่อน ::
  ล็อกอิน

รายการสื่อสารสนเทศ

ลำดับที่ ประเภท เลขเรียก/บาร์โค้ด สถานที่ สถานะ
1. นวนิยาย
นวนิยาย
นว ว257อ ฉ.1 
  Barcode: 039388
ห้องสมุดวิทยาเขตสวรรค์ประชารักษ์
►นวนิยาย
บนชั้น
  ขอยืม

รายการใกล้เคียง
    ผู้แต่ง [วรรณวรรธน์]

BibComment


ยังไม่เคยถูกคอมเมนท์

คอมเมนท์ทรัพยากรรายการนี้
  คอมเมนท์: อขิทโร ลูกปัดสิเ..


 Copyright 2026. Bcnsprnw @Library